|
|
|
|
| LEADER |
00844Cam#a2200229#a#4500 |
| 001 |
021940 |
| 005 |
20160721160057.0 |
| 008 |
100902s1997||||it d f#b #001|0#ita#d |
| 040 |
|
|
|a AR-BeUNQ
|
| 082 |
0 |
4 |
|a 304.82
|2 21
|
| 100 |
1 |
|
|a Grossutti, Javier P
|
| 245 |
0 |
0 |
|a I rientri in Friuli da Argentina, Brasile, Uruguay e Venezuela :
|b (1989-1994)
|c Javier P. Grossutti.
|
| 260 |
|
|
|a [Trieste] :
|b Regione autonoma Friuli-Venezia Giulia,
|c 1997.
|
| 300 |
|
|
|a 122 p. :
|b gráficos ;
|c 24 cm.
|
| 504 |
|
|
|a Incluye bibliografía (p. 105-122) e índice.
|
| 650 |
|
7 |
|a Emigraciones
|2 spines
|
| 650 |
|
7 |
|a Movilidad social
|2 spines
|
| 650 |
|
7 |
|a Migraciones internacionales
|2 spines
|
| 651 |
|
7 |
|a América Latina
|2 toit
|
| 929 |
|
|
|a DONACION
|b Proveniente de: Dir. Gral. Rel. Inst.
|d 0,00
|e 20070327
|f PAT0019214
|g P54
|j 45324
|
| 942 |
|
|
|c LIB
|n 0
|
| 999 |
|
|
|c 21280
|d 96667
|